000 00627nam a2200181Ia 4500
008 100920s9999 xx 000 0 und d
082 _b74622
_a24 0
100 _aकुळकर्णी विनायक.
245 _aबँक कुणासाठी कशासाठी.
260 _bसमृध्द पब्लिकेशन्स.
_c0
300 _a62
_bसाधी
365 _b40
520 _aसायो.
630 _aबँक कुणासाठी कशासाठी.
650 _aसायो.
730 _aबँक कुणासाठी कशासाठी.
942 _cBOOK
999 _c716207
_d716204